Minnesota Border Cities - Statistics

General Stats
  • This quiz has been taken 15 times
  • The average score is 12 of 29
Answer Stats
Border State Population City % Correct
Wisconsin 87,000 Duluth
85%
North Dakota 45,000 Moorhead
85%
North Dakota 9,000 East Grand Forks
77%
Ontario 6,000 International Falls
77%
Wisconsin 19,000 Stillwater
77%
Wisconsin 25,000 Winona
77%
Wisconsin 17,000 Red Wing
69%
Wisconsin 5,000 Lake City
54%
Wisconsin 3,000 Wabasha
54%
Wisconsin 3,000 Afton
46%
Wisconsin 4,000 Bayport
46%
Wisconsin 5,000 La Crescent
46%
Manitoba 2,000 Warroad
46%
Ontario 966 Baudette
38%
Wisconsin 5,000 Oak Park Heights
38%
North Dakota 3,000 Breckenridge
31%
Wisconsin 1,000 Lake St. Croix Beach
31%
Wisconsin 664 Marine on St. Croix
31%
South Dakota 2,000 Ortonville
31%
Wisconsin 1,000 Taylors Falls
31%
Iowa 235 Bigelow
23%
Iowa 367 Emmons
23%
Wisconsin 2,000 Lakeland
23%
Iowa 522 Lyle
23%
South Dakota 558 Browns Valley
15%
Wisconsin 566 Brownsville
15%
Wisconsin 311 Lakeland Shores
15%
Wisconsin 97 Minneiska
15%
Wisconsin 353 St. Marys Point
15%
No matching quizzes found
Score Distribution
Percent of People with Each Score
Percentile by Number Answered
Your Score History
You have not taken this quiz